00763na a2200241 450000100060000000300080000600500170001400800410003103500100007204000250008204100080010708200230011511000320013824500540017026000220022430000200024661000590026661000520032561000500037765000360042771000320046383000260049521618MIRAKIL20181213155214.0170206b tu 000 0  a21055 aMilasbturcTR-AnCHP atur a324.2383bU16 2004 aUlusal Birlik Partisi (UBP) aUlusal Birlik Partisi tüzük ve programıcUBP a[y.y.]bUBPc2004 a[22] s.c21 sm. aUlusal Birlik Partisi (UBP)xPropaganda ve ideolojiler aUlusal Birlik Partisi (UBP)xTüzükler, 2004 aUlusal Birlik Partisi (UBP)xProgramlar, 2004 aMilliyetçi partilerzKıbrıs aUlusal Birlik Partisi (UBP) aUlusal Birlik Partisi